000 00808nam a2200229Ii 4500
003 JO-AjNU
008 230605s9999||||xx |||||||||||||| ||und||
017 _a2012/5/1911
020 _a978-9957-07-987-1
040 _aJO-AjNU
_bara
_erda
_cJO-AjNU
041 _aara
050 1 4 _aBP173.25.B367.2015
100 3 _aبني سلامة، محمد خلف، م مشارك خلوق ضيف الله آغا,
_eauthor
_963131
245 0 0 _aنظام الاسرة والمجتمع في الاسلام
250 _aط1
264 3 1 _aعمان: دار الفكر ناشرون وموزعون، 2015
300 _a342ص
336 _atext
_btxt
_2rdacontent
337 _aunmediated
_bn
_2rdamedia
338 _avolume
_bnc
_2rdacarrier
650 4 _aالاسرة-المجتمع الاسلامي-الاسلام
_963132
999 _aA28620
_c32188
_d32188